Effects of logging operations on soil physical properties and soil erosion in a hill dipterocarp forest of Peninsular Malaysia

Bibliographic Details
Main Author: BAHARUDDIN Kasran
Corporate Author: Institut Penyelidikan Perhutanan Malaysia (FRIM)
Format: Book
Published: Kuala Lumpur : Institut Penyelidikan Perhutanan Malaysia , 1995
Series:Research pamphlet ; no. 119
Subjects:

MARC

LEADER 00000cam a2200000 7i4500
001 0000002084
005 20040329.0
020 0 0 |a 9839592394 
090 0 0 |a RP 634.98095951   |b BAH 1995 
100 0 0 |a BAHARUDDIN Kasran 
245 1 0 |a Effects of logging operations on soil physical properties and soil erosion in a hill dipterocarp forest of Peninsular Malaysia   |c Baharuddin Kasran 
260 0 0 |a Kuala Lumpur :   |b Institut Penyelidikan Perhutanan Malaysia ,   |c 1995 
300 |a vii, 22 p. :   |b ill. (some col.), map ;   |c 30 cm. 
440 0 0 |a Research pamphlet ; no. 119 
500 0 0 |a Bibliography : p. 20-22 
650 0 0 |a Forest ecology   |z Peninsular Malaysia 
650 0 0 |a Logging   |z Peninsular Malaysia 
650 0 0 |a Soil erosion   |z Peninsular Malaysia 
710 1 1 |a Institut Penyelidikan Perhutanan Malaysia (FRIM) 
998 |a JPSM 
999 |a 0000003466   |b Monograph   |c Open Shelf   |e Default branch 
999 |a 0000005247   |b Monograph   |c Open Shelf   |e Default branch 
999 |a 0000005248   |b Monograph   |c Open Shelf   |e Default branch 
999 |a 0000005249   |b Monograph   |c Open Shelf   |e Default branch